Christian students and world problems : report of the ninth international convention of the student volunteer movement for foreign missions, Indianapolis, Indiana, December 28, 1923, to January 1, 1924 /

Bibliographic Details
Corporate Author: Student Volunteer Movement for Foreign Missions. International Convention
Other Authors: Stauffer, Milton Theobald, 1885-
Format: Book
Language:English
Published: New York : Student volunteer movement for foreign missions, 1924.
Subjects:

MARC

Tag First Indicator Second Indicator Subfields
LEADER 00000cam a2200000 4500
001 in00000039325
005 20151007081642.0
008 730430s1924 eng u
010 |a  24008053  
035 |a (OCoLC)00612772 
035 |9 AAF6713AM 
040 |c URB  |d TXA  |d UtOrBLW 
049 |a TXAM  |c [21292] 
050 0 0 |a BV2390  |b .S8 1923 
090 |a BV2390  |b .S78 1924 
092 |a 266  |b S933c 
110 2 |a Student Volunteer Movement for Foreign Missions.  |b International Convention  |n (9th :  |d 1923-1924 :  |c Indianapolis) 
245 1 0 |a Christian students and world problems :  |b report of the ninth international convention of the student volunteer movement for foreign missions, Indianapolis, Indiana, December 28, 1923, to January 1, 1924 /  |c Milton T. Stauffer, editor. 
264 1 |a New York :  |b Student volunteer movement for foreign missions,  |c 1924. 
300 |a xxiv, pages, 547 pages :  |b plates. 
336 |a text  |b txt  |2 rdacontent 
337 |a unmediated  |b n  |2 rdamedia 
338 |a volume  |b nc  |2 rdacarrier 
500 |a Sailed volunteers for 1914-1923; pages 455-533. 
650 0 |a Missions. 
650 0 |a Missionaries. 
700 1 |a Stauffer, Milton Theobald,  |d 1885- 
999 |a MARS 
999 f f |s 23ac06c3-b229-363c-915d-3beca950b642  |i 856bc0d5-7164-37c5-98e5-e6bd2a961ac2  |t 0 
952 f f |p ric  |a Texas A&M University  |b Rellis Campus  |c Joint Library Facility  |d Remote Storage  |t 0  |e BV2390 .S78 1924  |h Library of Congress classification  |i unmediated -- volume  |m A14800616832 
998 f f |a BV2390 .S78 1924  |t 0  |l Remote Storage